000
00369nam a2200145Ia 4500
008
231129s1994||||xx |||||||||||||| ||spa||
020
_a
958-13-2310-6
040
_b
spa
082
_a
792 S786c
100
_a
Stanislavsky Constantin
245
0
_a
Creacion de un personaje
260
_c
1994
264
_a
Diana
942
_2
ddc
_c
BKS
999
_c
8184
_d
8184